书目信息 |
| 题名: |
办公室工作研究
|
|
| 作者: | 董维珍 主编 | |
| 分册: | ||
| 出版信息: | 北京 教育科学出版社 1993 |
|
| 页数: | 169页 | |
| 开本: | 20cm | |
| 丛书名: | 师专教育工作研究丛书 | |
| 单 册: | ||
| 中图分类: | C931.4 | |
| 科图分类: | 29.154 | |
| 主题词: | 办公室--工作--研究 | |
| 电子资源: | ||
| ISBN: | 7-5041-1215-1 | |
| 000 | 00737nam0 2200253 45 | |
| 001 | 0198022591 | |
| 005 | 20070713082507.06 | |
| 010 | @a7-5041-1215-1@dCNY4.00 | |
| 100 | @a19980417d1993 kemy0chiy0121 ea | |
| 101 | 0 | @achi |
| 102 | @aCN@b370000 | |
| 102 | @aCN@b110000 | |
| 105 | @ay z 000yy | |
| 200 | 10 | @a办公室工作研究@Aban gong shi gong zuo yan jiu@f董维珍等主编@Fdong wei zhen deng zhu bian |
| 210 | @a北京@c教育科学出版社@d1993 | |
| 215 | @a169页@d20cm | |
| 225 | 2 | @a师专教育工作研究丛书@v三 |
| 410 | 0 | @12001 @a师专教育工作研究丛书 |
| 606 | @a办公室@x工作@x研究 | |
| 690 | @aC931.4@v3 | |
| 692 | @a29.154@v2 | |
| 701 | 0 | @a董维珍@Adong wei zhen@4主编 |
| 801 | 0 | @aCN@bTSSF@c20070713 |
| 905 | @a10447@dC931.4@e354 | |
| 办公室工作研究/董维珍等主编.-北京:教育科学出版社,1993 |
| 169页;20cm.-(师专教育工作研究丛书;三) |
| ISBN 7-5041-1215-1:CNY4.00 |
| ● |
| 相关链接 |
|
|
|
|
正题名:办公室工作研究
索取号:C931.4/354
 
预约/预借
| 序号 | 登录号 | 条形码 | 馆藏地/架位号 | 状态 | 备注 |
| 1 | 0768859 | 207688590 | 第一样本阅览室/ [索取号:C931.4/354] | 在馆 |